The new modern encyclopedia: (Record no. 15)

000 -LEADER
fixed length control field 00598nam a2200181 a 4500
001 - CONTROL NUMBER
control field :::00013165$&:&@@
003 - CONTROL NUMBER IDENTIFIER
control field OkBaRHE
005 - DATE AND TIME OF LATEST TRANSACTION
control field 20100304151718.0
008 - FIXED-LENGTH DATA ELEMENTS--GENERAL INFORMATION
fixed length control field s1947 j 000 0 eng u
040 ## - CATALOGING SOURCE
Transcribing agency
100 1# - MAIN ENTRY--PERSONAL NAME
Personal name McDannald, A. H.
245 14 - TITLE STATEMENT
Title The new modern encyclopedia:
Remainder of title a library of world knowledge.
260 ## - PUBLICATION, DISTRIBUTION, ETC. (IMPRINT)
Place of publication, distribution, etc New York, NY., :
Name of publisher, distributor, etc Wm. H. Wise & Co.
Date of publication, distribution, etc 1947
300 ## - PHYSICAL DESCRIPTION
Extent 1491 p. ;
Dimensions 23 cm.
650 ## - SUBJECT ADDED ENTRY--TOPICAL TERM
Topical term or geographic name as entry element Encyclopedias
General subdivision General
942 ## - ADDED ENTRY ELEMENTS (KOHA)
Source of classification or shelving scheme
Koha item type Books
Copies
Barcode Shelving location Withdrawn status Collection code Copy number Source of classification or shelving scheme Permanent Location Not for loan Price effective from Damaged status Full call number Date acquired Date last seen Current Location Koha item type Lost status
13165General Stacks Reference1 RHEMA Bible Training College 2010-04-14 AE 5 .A552010-04-142018-01-09RHEMA Bible Training CollegeBooks